000 00819nam a22002057a 4500
999 _c20731
_d20731
003 AR-CdUCM
008 190515b ||||| |||| 00| 0 spa d
040 _aMUNICIPALIDAD PROVINCIAL DEL CUSCO
_cBIBLIOTECA MUNICIPAL DEL CUSCO
082 _a658.4 /
_bC22
100 _aCampoverde Ayres, José
_939571
245 _aEl gran cambio :
_bLa excelencia es el camino /
260 _aLima :
_bTécnico científica,
_c1990.
300 _a312 páginas ;
_c22 cm.
_bIlustraciones, imagenes
505 _aContenido : Potencia de pais a traves del empresariado, filosofías, decálogo y nuevos estilos -- Un ejemplo de muchos ejemplos -- Objetivos nacionales de largo plazo...
650 _aAdministración
_94472
650 _aLiderazgo
_93124
650 _aFilosofía empresarial
_943296
942 _2ddc
_cLIBROS
945 _arcc